| 000 | 00573nam a2200157Ia 4500 | ||
|---|---|---|---|
| 008 | 260520s2018 xx 000 0 und d | ||
| 041 | _amar | ||
| 082 | _a954.792/CHO | ||
| 100 | _aचौधरी, के के | ||
| 245 | _aआधुनिक महाराष्ट्राचा इतिहास खंड - २ | ||
| 250 | _a1st ed | ||
| 260 |
_aमुंबई _bमहाराष्ट्र राज्य साहित्य आणि संस्कृती मंडळ _c2018 |
||
| 300 | _a1160p. | ||
| 500 | _aCat No: 15201 | ||
| 650 | _aHISTORY | ||
| 999 |
_c1221925 _d1221925 |
||